| 000 | 00915nam a2200277 i 4500 | ||
|---|---|---|---|
| 001 | 16267 | ||
| 003 | ES-MaACL | ||
| 005 | 20250809062545.0 | ||
| 007 | t| | ||
| 008 | 000823s1997 sp ||||1| spa d | ||
| 020 | _a84-7509-578-X | ||
| 080 | _a340.12 | ||
| 080 | _a34:301 | ||
| 100 | 1 |
_aLuhmann, Niklas. _974673 |
|
| 245 | 1 | 0 |
_aSociedad y sistema _b: la ambición de la teoría / _cNiklas Luhmann ; introducción de Ignacio Izuzquiza. |
| 250 | _a1ª ed., 1ª reimp. | ||
| 260 |
_aBarcelona : _bPaidós : _bI.C.E. de la Universidad Autónoma de Barcelona, _c1997. |
||
| 300 |
_a144 p. ; _c20 cm. |
||
| 490 | 1 |
_aPensamiento contemporáneo ; _v8 |
|
| 650 | 1 | 4 |
_aSociología del derecho. _917212 |
| 650 | 4 |
_aDerecho- _xFilosofía _911620 |
|
| 700 | 1 |
_aIzuzquiza, Ignacio. _965753 |
|
| 830 | 0 |
_aPensamiento contemporáneo ; _v8 _9179725 |
|
| 852 |
_aES-MaACL _jL-23518 _bR.128700 |
||
| 999 |
_c16267 _d16267 |
||